Water in Egypt/ (Record no. 26244)

MARC details
000 -LEADER
fixed length control field 00699cam a2200229Ia 4500
001 - CONTROL NUMBER
control field u18249
003 - CONTROL NUMBER IDENTIFIER
control field SIRSI
008 - FIXED-LENGTH DATA ELEMENTS--GENERAL INFORMATION
fixed length control field 070320s2004 ne ab 000 0 eng d
040 ## - CATALOGING SOURCE
Original cataloging agency EAL
041 ## - LANGUAGE CODE
Language code of text/sound track or separate title engara
050 ## - LIBRARY OF CONGRESS CALL NUMBER
Classification number ORG HD1698.I4
Item number W38 2004
245 10 - TITLE STATEMENT
Title Water in Egypt/
Statement of responsibility, etc. Ministry of water resource and irrigation.
260 ## - PUBLICATION, DISTRIBUTION, ETC.
Place of publication, distribution, etc. Netherlands:
Name of publisher, distributor, etc. Creative lab,
Date of publication, distribution, etc. 2004.
300 ## - PHYSICAL DESCRIPTION
Extent 108p.:
Other physical details ill.;
Dimensions 24 cm.
500 ## - GENERAL NOTE
General note Title from cover.
504 ## - BIBLIOGRAPHY, ETC. NOTE
Bibliography, etc. note Includes bibliographical references.
546 ## - LANGUAGE NOTE
Language note Text in arabic and english.
596 ## -
-- 1
650 #0 - SUBJECT ADDED ENTRY--TOPICAL TERM
Topical term or geographic name entry element Water resources development.
650 #0 - SUBJECT ADDED ENTRY--TOPICAL TERM
Topical term or geographic name entry element Water-supply
Geographic subdivision India
General subdivision Management.
942 ## - ADDED ENTRY ELEMENTS (KOHA)
Koha item type Books
Source of classification or shelving scheme Library of Congress Classification
Holdings
Withdrawn status Lost status Source of classification or shelving scheme Damaged status Not for loan Home library Current library Date acquired Total Checkouts Full call number Barcode Date last seen Copy number Price effective from Koha item type
    Library of Congress Classification     Main Main 02/20/2018   HD1698.I4 W38 2004 0016132 02/20/2018 1 02/20/2018 Books

Home | About ENAL | Collections | Services | Activities | Calendar | Contact us

7 Nadi El Sayed St., Giza, Egypt | Phone:02-33351121 +02-33351313 | 
| Email: enalegypt@gmail.com